住所から施設名を当てる 〜東京編〜 - Statistics

General Stats
  • This quiz has been taken 669 times
  • The average score is 19 of 25
Answer Stats
ヒント 住所 施設 % Correct
交通 大田区羽田空港3−3−2 東京国際空港(羽田空港)
96%
公共 千代田区千代田1−1 皇居(江戸城跡)
94%
自然・公園 台東区上野公園5−20 上野恩賜公園
94%
公共 千代田区永田町1−7−1 国会議事堂
93%
交通 千代田区丸の内1−9−1 東京駅
93%
娯楽など 浦安市舞浜1-1 東京ディズニーリゾート
92%
観光 台東区浅草2−3−1 浅草寺
92%
公共 新宿区西新宿2−8−1 東京都庁
91%
教育 文京区本郷7−3−1 東京大学
91%
観光 墨田区押上1−1−2 東京スカイツリー
91%
自然・公園 八王子市高尾町2176 明治の森高尾国定公園(高尾山)
86%
観光 港区芝公園4−2−8 日本電波塔(東京タワー)
86%
娯楽など 文京区後楽1−3−61 東京ドーム(シティ、ホテルなど)
85%
自然・公園 江戸川区臨海町6−2−1 葛西臨海公園内
81%
娯楽など 港区六本木6−10−1 六本木ヒルズ
81%
娯楽など 豊島区東池袋3−1 サンシャインシティ(60、水族館など)
76%
交通 足立区千住旭町42 北千住駅
75%
娯楽など 渋谷区道玄坂2−29−1 SHIBUYA109
65%
自然・公園 立川市緑町3173 国営昭和記念公園
62%
娯楽など 府中市日吉町1−1 東京競馬場(府中競馬場)
61%
娯楽など 稲城市矢野口4015-1 よみうりランド
61%
娯楽など 多摩市落合1-31 サンリオピューロランド
54%
自然・公園 日野市程久保 7−1−1 多摩動物公園
48%
娯楽など 調布市西町376−3 東京スタジアム(味の素スタジアム)
48%
娯楽など 新宿区霞ヶ丘町3−1 明治神宮野球場
35%
No matching quizzes found
Score Distribution
Percent of People with Each Score
Percentile by Number Answered
Your Score History
You have not taken this quiz